[Event "Orbis IM 2018"]
[Site "Paracin"]
[Date "2018.07.18"]
[Round "6"]
[White "Bergsson, Stefan"]
[Black "Scott, Luke"]
[Result "1-0"]
[WhiteElo "2192"]
[BlackElo "1887"]
[Annotator "NA"]
[PlyCount "72"]
[EventDate "2018.??.??"]
[EventCountry "SRB"]
[SourceTitle "playchess.com"]
[Source "ChessBase"]
[SourceQuality "1"]
[TimeControl "40/5400+30:1800+30"]

1. c4 {[%emt 0:00:00]} e5 {[%emt 0:00:52]} 2. Nc3 {[%emt 0:00:00]} Nc6 {[%emt 0:00:05]} 3. g3 {[%emt 0:00:23]} f5 {[%emt 0:00:09]} 4. Bg2 {[%emt 0:00:06]} Nf6 {[%emt 0:00:04]} 5. d3 {[%emt 0:05:31]} Bb4 {[%emt 0:05:27]} 6. Bd2 {[%emt 0:03:50]} d6 {[%emt 0:07:37]} 7. a3 {[%emt 0:03:12] LiveBook: 7 Partien A25: Englische Eröffnung (Sizilianisch im Anzug)} (7. Nf3 O-O 8. O-O a5 9. Ne1 Be6 10. a3 Bc5 11. Nd5 Qd7 12. Nxf6+ Rxf6 13. b4 Bd4 14. Rb1 axb4 15. axb4 f4 16. Nf3 fxg3 17. hxg3 {0-1 (41) Kollars,D (2443)-Bachmann,A (2603) Rhodes 2015}) 7... Ba5 {[%emt 0:00:05]} 8. e3 {[%emt 0:03:08]} a6 $146 {[%emt 0:03:51]} ({Vorgänger:} 8... O-O 9. Nge2 Ne7 10. Nd5 Bxd2+ 11. Qxd2 c6 12. Nxf6+ Rxf6 13. f4 Be6 14. O-O Qc7 {1-0 (30) Richtrova,E (2188)-Korinkova,E (1792) Marianske Lazne 2016}) 9. Nge2 {[%emt 0:03:53]} O-O {[%emt 0:03:12]} 10. O-O {[%emt 0:01:06]} Bb6 {[%emt 0:02:46]} 11. b4 {[%emt 0:00:20]} Qe8 {[%emt 0:09:31]} 12. Nd5 {[%emt 0:08:13]} Nxd5 {[%emt 0:05:37]} 13. Bxd5+ {[%emt 0:00:44]} Kh8 {[%emt 0:02:33]} 14. Bg2 {[%emt 0:01:10]} g5 {[%emt 0:03:28]} 15. Bc3 {[%emt 0:04:47]} f4 {[%emt 0:14:13]} 16. exf4 {[%emt 0:02:05]} gxf4 {[%emt 0:00:08]} 17. Nxf4 {[%emt 0:01:00]} Bd4 {[%emt 0:22:46]} 18. Bxd4 {[%emt 0:02:01]} Nxd4 {[%emt 0:00:08]} 19. Nd5 {[%emt 0:00:13]} Qf7 {[%emt 0:04:01]} 20. f4 {[%emt 0:00:21]} Qg7 {[%emt 0:00:26]} 21. fxe5 {[%emt 0:00:46]} Bg4 {[%emt 0:00:37]} 22. Qb1 {[%emt 0:03:18]} Qh6 {[%emt 0:12:03]} (22... Rxf1+ $11 23. Qxf1 Rf8) 23. Ra2 {[%emt 0:02:48]} Ne2+ {[%emt 0:00:28]} 24. Rxe2 {[%emt 0:00:31]} Bxe2 {[%emt 0:00:04]} 25. Rxf8+ {[%emt 0:00:30]} Rxf8 {[%emt 0:00:11]} 26. Qb2 {[%emt 0:04:05]} Bxd3 {[%emt 0:01:21]} 27. exd6+ {[%emt 0:01:33]} Qg7 {[%emt 0:00:46]} 28. Qxg7+ {[%emt 0:00:33]} Kxg7 {[%emt 0:00:01]} 29. dxc7 {[%emt 0:00:22]} Bf5 {[%emt 0:00:30]} 30. Ne7 {[%emt 0:02:47]} Bc8 {[%emt 0:00:36]} 31. c5 {[%emt 0:04:26]} Kf6 $18 {[%emt 0:01:16]} 32. Nxc8 {[%emt 0:02:53]} Rxc8 {[%emt 0:00:02]} 33. Bxb7 {[%emt 0:00:10]} Rxc7 {[%emt 0:00:02]} 34. Bxa6 {[%emt 0:00:21]} Ra7 {[%emt 0:00:05]} 35. b5 {[%emt 0:00:15]} Ke6 {[%emt 0:00:26]} 36. b6 {[%emt 0:00:32]} Kd5 1-0

[Event "Orbis IM 2018"]
[Site "Paracin"]
[Date "2018.07.18"]
[Round "7"]
[White "Brankovic, Dejan"]
[Black "Bergsson, Stefan"]
[Result "0-1"]
[WhiteElo "2377"]
[BlackElo "2192"]
[Annotator "TA"]
[PlyCount "100"]
[EventDate "2018.??.??"]
[EventCountry "SRB"]
[SourceTitle "playchess.com"]
[Source "ChessBase"]
[SourceQuality "1"]

{[%evp 22,99,42,36,67,53,60,31,40,39,47,25,82,90,130,63,68,70,55,0,0,0,42,19,15,13,42,39,68,62,73,80,72,59,63,50,70,41,45,16,48,0,0,-104,-46,-60,-75,-175,-158,-202,-89,-82,-72,-100,0,-257,-238,-955,-955,-935,-800,-922,-870,-777,-588,-662,-606,-689,-665,-802,-760,-741,-741,-2053,-1925,-29945,-6204,-29970,-29970,-29999]} 1. c4 c5 2. Nc3 Nc6 3. g3 g6 4. Bg2 Bg7 5. a3 e6 6. Rb1 Nge7 7. b4 cxb4 8. axb4 d5 {A36: Symmetrical English vs ...g6: 4 Bg2 Bg7} (8... O-O 9. Nf3 d5 10. cxd5 exd5 11. b5 Na5 12. Ba3 d4 13. Ne4 Nc4 14. Bb4 Re8 15. Qb3 Be6 16. Nfg5 {0-1 (30) Lie,K (2537)-So,W (2822) chess.com INT 2017}) 9. b5 Ne5 10. cxd5 exd5 11. d4 Nc4 12. e3 {LiveBook: 4 Games} Bf5 13. Ra1 Qd7 14. h3 $146 ({Predecessor:} 14. Qb3 Be6 15. Nge2 g5 16. Ba3 Nxa3 17. Rxa3 {1-0 (44) Luch,M (2396)-Sahin,O (2195) Lisbon 2018}) 14... h5 15. Nge2 O-O 16. Nf4 Rfe8 (16... Rac8 $11) 17. O-O $1 $16 (17. Nfxd5 Nxd5 18. Nxd5 (18. Bxd5 Nb6 $17) 18... Be4 $15) 17... Nd6 18. b6 (18. Ncxd5 $6 Nxd5 19. Nxd5 (19. Bxd5 Nxb5 20. Bg2 Rac8 $11) 19... Ne4 $11) (18. Qb3 $1 $16) 18... axb6 $14 19. Rxa8 Rxa8 20. Ncxd5 ({Better is} 20. Qb3 $14) 20... Nxd5 $11 21. Nxd5 Nc4 22. h4 b5 23. Nf4 Bb1 24. Bd2 Bf5 25. Bb4 Ra4 26. Qb3 Bf8 {[#]} 27. Bxf8 $1 Kxf8 28. Rd1 Na5 29. Qb2 Nc4 30. Qc3 Qd6 31. d5 Ne5 32. f3 (32. e4 $11 Bxe4 33. Re1) 32... Rc4 ({Black should play} 32... b4 $17 33. Qb2 Bd7) 33. Qb2 $15 b4 $36 {[%mdl 2048] Black is really pushing.} 34. e4 (34. Kh1 $17 {was worth a try.}) 34... Bd7 $19 35. Ne2 Qc5+ (35... Ba4 $19 36. Rd2 Kg8) 36. Kh1 $17 {[#]} f6 $1 {Hoping for ...Rc2.} 37. Nd4 Ke7 (37... Rc3 $17 {And now ...Nd3 would win.} 38. Qd2 Kg7 39. Ne6+ Bxe6 40. dxe6 Qe7) 38. Rd2 $2 {[%mdl 8192]} (38. Qd2 $11) 38... Rc3 $19 39. Ne2 $2 (39. d6+ Kf7 40. Qa2+ Nc4 41. Bf1) 39... Nc4 40. d6+ Kf8 41. Qa2 Nxd2 42. Qxd2 Qe3 43. Qb2 b5 {[%cal Bb7b5,Bb5b4,Bb4b3][%mdl 32] Strongly threatening ...Kg7.} ({Less strong is} 43... Qf2 44. Qxb4 Rd3 45. Qxb7 $17) 44. Qxb4 Rc2 ({Inferior is} 44... Qxe2 45. Qxc3 Qd1+ 46. Kh2 $11) 45. Qa5 Rc8 (45... Rxe2 46. Qd8+ Kg7 47. Qxd7+ Kh6 48. Qe8 $11) 46. Qa2 b4 {...b3 is the strong threat.} 47. Kh2 b3 48. Qb2 Kg7 {( -> ...Rc2)} 49. Nd4 Rc1 {[%csl Gc1][%cal Re3g1]} 50. Nxb3 Qg1# {Precision: White = 23%, Black = 52%.} 0-1

[Event "Orbis IM 2018"]
[Site "Paracin"]
[Date "2018.07.18"]
[Round "7"]
[White "Milanovic, Slavisa"]
[Black "Sredojevic, Ivan"]
[Result "1/2-1/2"]
[WhiteElo "2370"]
[BlackElo "2298"]
[Annotator "NA"]
[PlyCount "25"]
[EventDate "2018.??.??"]
[EventCountry "SRB"]
[SourceTitle "playchess.com"]
[Source "ChessBase"]
[SourceQuality "1"]
[TimeControl "40/5400+30:1800+30"]

1. c4 Nf6 2. Nc3 c5 3. g3 d5 4. cxd5 Nxd5 5. Bg2 Nc7 6. Nf3 Nc6 7. O-O e5 8. d3 Be7 9. Nd2 Bd7 10. Nc4 f6 11. f4 exf4 12. Bxf4 O-O 13. Bxc6 1/2-1/2

[Event "Orbis IM 2018"]
[Site "Paracin"]
[Date "2018.07.18"]
[Round "7"]
[White "Konaplev, Anton"]
[Black "Markovic, Milan D"]
[Result "1-0"]
[WhiteElo "2316"]
[BlackElo "2312"]
[Annotator "NA"]
[PlyCount "49"]
[EventDate "2018.??.??"]
[EventCountry "SRB"]
[SourceTitle "playchess.com"]
[Source "ChessBase"]
[SourceQuality "1"]
[TimeControl "40/5400+30:1800+30"]

1. d4 Nf6 2. c4 c5 3. d5 b5 4. cxb5 a6 5. bxa6 g6 6. Nc3 Bxa6 7. e4 Bxf1 8. Kxf1 d6 9. Nf3 Bg7 10. g3 O-O 11. Kg2 Nbd7 12. a4 Qb6 13. Qc2 Rfb8 14. Ra3 e6 15. dxe6 fxe6 16. Nb5 Qc6 17. Nfd4 Qxe4+ 18. Qxe4 Nxe4 19. Nxe6 Ne5 20. Nec7 Nc4 21. Ra2 Rf8 22. f3 Ned2 23. Bxd2 Nxd2 24. Nxa8 Re8 25. b3 1-0

[Event "Orbis IM 2018"]
[Site "Paracin"]
[Date "2018.07.18"]
[Round "7"]
[White "Isha, Sharma"]
[Black "Avalyan, Artur"]
[Result "1/2-1/2"]
[WhiteElo "2062"]
[BlackElo "2315"]
[Annotator "NA"]
[PlyCount "49"]
[EventDate "2018.??.??"]
[EventCountry "SRB"]
[SourceTitle "playchess.com"]
[Source "ChessBase"]
[SourceQuality "1"]
[TimeControl "40/5400+30:1800+30"]

1. e4 {[%emt 0:00:00]} e6 {[%emt 0:00:00]} 2. d3 {[%emt 0:00:00]} d5 {[%emt 0:00:04]} 3. Nd2 {[%emt 0:00:00]} Nf6 {[%emt 0:00:08]} 4. Ngf3 {[%emt 0:00:00]} c5 {[%emt 0:00:19]} 5. g3 {[%emt 0:00:10]} g6 {[%emt 0:00:13]} 6. Bg2 {[%emt 0:00:06]} Bg7 {[%emt 0:00:05]} 7. O-O {[%emt 0:00:05]} Nc6 {[%emt 0:00:06]} 8. Re1 {[%emt 0:00:18]} O-O {[%emt 0:00:08]} 9. c3 {[%emt 0:00:08]} a5 {[%emt 0:00:22]} 10. Qe2 {[%emt 0:01:11] A08: Königsindisch im Anzug} (10. a4 b6 11. Nb1 Ba6 12. e5 Nd7 13. Bf4 f6 14. exf6 Qxf6 15. Qd2 e5 16. Bg5 Qxf3 17. Bxf3 Rxf3 {1-0 (34) Amin,B (2661)-Grandelius,N (2641) Baku 2016}) 10... b6 {[%emt 0:00:37]} 11. Nf1 {[%emt 0:18:23]} dxe4 {[%emt 0:04:21]} 12. dxe4 {[%emt 0:00:07]} Ba6 {[%emt 0:00:15]} 13. Qe3 {[%emt 0:01:09]} Ng4 {[%emt 0:01:51]} 14. Qg5 {[%emt 0:01:36]} Nge5 {[%emt 0:00:29]} 15. Qxd8 {[%emt 0:07:48]} Raxd8 {[%emt 0:00:17]} 16. Bg5 $146 {[%emt 0:02:16]} ({Vorgänger:} 16. Nxe5 Nxe5 17. Bg5 f6 {0-1 (36) Parle,H (2069)-Smirnov,A (2529) Gold Coast 2018}) 16... Rd7 {[%emt 0:06:08]} 17. Red1 {[%emt 0:00:56]} Bd3 {[%emt 0:09:21]} 18. Ne1 {[%emt 0:07:08]} Be2 {[%emt 0:10:37]} 19. Rxd7 {[%emt 0:07:06]} Nxd7 {[%emt 0:00:07]} 20. Nd2 {[%emt 0:01:15]} h6 $11 {[%emt 0:11:08]} 21. Be3 {[%emt 0:04:33]} Nde5 {[%emt 0:01:35]} 22. h3 {[%emt 0:00:34]} Rd8 {[%emt 0:05:05]} 23. Bf1 {[%emt 0:04:09]} Bxf1 {[%emt 0:00:59]} 24. Kxf1 {[%emt 0:00:08]} Nd7 {[%emt 0:07:03]} 25. a4 {[%emt 0:06:54]} 1/2-1/2

[Event "Orbis IM 2018"]
[Site "Paracin"]
[Date "2018.07.18"]
[Round "7"]
[White "Scott, Luke"]
[Black "Ozenir, Ekin Baris"]
[Result "0-1"]
[WhiteElo "1887"]
[BlackElo "2300"]
[Annotator "NA"]
[PlyCount "124"]
[EventDate "2018.??.??"]
[EventCountry "SRB"]
[SourceTitle "playchess.com"]
[Source "ChessBase"]
[SourceQuality "1"]
[TimeControl "40/5400+30:1800+30"]

1. d4 {[%emt 0:00:00]} Nf6 {[%emt 0:00:00]} 2. c4 {[%emt 0:00:00]} e6 {[%emt 0:00:14]} 3. Nc3 {[%emt 0:00:00]} Bb4 {[%emt 0:00:46]} 4. e3 {[%emt 0:00:00]} O-O {[%emt 0:00:58]} 5. Nge2 {[%emt 0:00:00]} d5 {[%emt 0:02:21]} 6. a3 {[%emt 0:00:04]} Bd6 {[%emt 0:01:32]} 7. cxd5 {[%emt 0:03:42]} exd5 {[%emt 0:01:57]} 8. Ng3 {[%emt 0:00:44]} Re8 {[%emt 0:08:24]} 9. Bd3 {[%emt 0:03:58]} c6 {[%emt 0:04:16]} 10. O-O {[%emt 0:03:41]} Nbd7 {[%emt 0:05:00]} 11. b4 {[%emt 0:15:30]} a6 {[%emt 0:06:00]} 12. Qc2 {[%emt 0:09:38]} Nf8 {[%emt 0:07:50]} 13. Re1 {[%emt 0:09:40]} Ne6 {[%emt 0:09:05]} 14. Bb2 {[%emt 0:04:40]} g6 $11 {[%emt 0:10:09]} 15. Nf1 {[%emt 0:11:55]} Qc7 {[%emt 0:10:42]} 16. f3 {[%emt 0:10:05]} Bf8 {[%emt 0:09:07]} 17. Rad1 {[%emt 0:04:46]} Bg7 {[%emt 0:01:45]} 18. Qb3 {[%emt 0:01:27]} b6 {[%emt 0:09:23]} 19. Ng3 {[%emt 0:06:59]} Bb7 {[%emt 0:01:19]} 20. Na4 {[%emt 0:00:36]} Nd7 {[%emt 0:00:37]} 21. Bb1 {[%emt 0:00:39]} Rad8 {[%emt 0:03:28]} 22. e4 {[%emt 0:04:14]} dxe4 {[%emt 0:00:36]} 23. fxe4 {[%emt 0:00:03]} b5 {[%emt 0:00:14]} 24. Nc5 {[%emt 0:01:00]} Ndxc5 {[%emt 0:00:09]} 25. dxc5 {[%emt 0:00:17]} Nd4 {[%emt 0:01:20]} 26. Qe3 {[%emt 0:03:00]} Nc2 {[%emt 0:01:56]} 27. Bxc2 {[%emt 0:00:33]} Bxb2 {[%emt 0:00:05]} 28. Bb3 {[%emt 0:03:07]} Kg7 {[%emt 0:01:28]} 29. Kh1 {[%emt 0:00:55]} f6 {[%emt 0:00:44]} 30. Ba2 {[%emt 0:01:27]} Be5 {[%emt 0:01:23]} 31. Nf1 {[%emt 0:00:16]} Bc8 {[%emt 0:00:40]} 32. g3 {[%emt 0:00:20]} Bg4 {[%emt 0:01:02]} 33. Rxd8 {[%emt 0:00:58]} Rxd8 {[%emt 0:00:09]} 34. Kg2 {[%emt 0:00:12]} Qd7 {[%emt 0:00:18]} 35. Bb3 {[%emt 0:01:18]} Qc8 {[%emt 0:01:22]} 36. Qc1 {[%emt 0:01:20]} Rd3 {[%emt 0:00:30]} 37. Bd1 {[%emt 0:00:11]} Bxd1 {[%emt 0:00:44]} 38. Rxd1 {[%emt 0:00:01]} Qd7 {[%emt 0:00:09]} 39. Rxd3 {[%emt 0:00:09]} Qxd3 {[%emt 0:00:06]} 40. Qe3 {[%emt 0:00:00]} Qc2+ {[%emt 0:00:00]} 41. Kf3 {[%emt 0:03:52]} Qb1 {[%emt 0:11:28]} 42. Ke2 {[%emt 0:18:58]} Bb2 {[%emt 0:08:09]} 43. Qf4 {[%emt 0:02:49]} Qc2+ {[%emt 0:02:58]} 44. Nd2 {[%emt 0:00:04]} Bc3 {[%emt 0:00:51]} 45. Qc7+ {[%emt 0:03:44]} Kh6 {[%emt 0:02:24]} 46. Qd6 {[%emt 0:00:26]} Kh5 {[%emt 0:03:58]} 47. h3 {[%emt 0:05:23]} Bxd2 {[%emt 0:01:56]} 48. Qxd2 {[%emt 0:00:33]} Qxe4+ {[%emt 0:00:13]} 49. Qe3 {[%emt 0:00:00]} Qxe3+ {[%emt 0:00:43]} 50. Kxe3 {[%emt 0:00:03]} Kg5 {[%emt 0:00:17]} 51. Ke4 {[%emt 0:00:25]} h5 {[%emt 0:00:59]} 52. Ke3 {[%emt 0:00:11]} Kf5 {[%emt 0:00:14]} 53. Kf3 {[%emt 0:00:06]} Ke5 {[%emt 0:00:14]} 54. Ke3 {[%emt 0:00:03]} g5 {[%emt 0:00:14]} 55. Kd3 {[%emt 0:00:25]} f5 {[%emt 0:00:12]} 56. Ke3 {[%emt 0:00:05]} f4+ {[%emt 0:00:07]} 57. gxf4+ {[%emt 0:00:07]} gxf4+ {[%emt 0:00:04]} 58. Kf3 {[%emt 0:00:07]} Kf5 {[%emt 0:00:05]} 59. h4 {[%emt 0:00:33]} Ke5 {[%emt 0:00:03]} 60. Ke2 {[%emt 0:00:10]} Ke4 {[%emt 0:00:05]} 61. Kf2 {[%emt 0:00:10]} f3 {[%emt 0:00:09]} 62. Ke1 {[%emt 0:00:13]} Ke3 {[%emt 0:00:17]} 0-1

[Event "Orbis IM 2018"]
[Site "Paracin"]
[Date "2018.07.19"]
[Round "8"]
[White "Avalyan, Artur"]
[Black "Markovic, Milan D"]
[Result "1-0"]
[WhiteElo "2315"]
[BlackElo "2312"]
[Annotator "TA"]
[PlyCount "69"]
[EventDate "2018.??.??"]
[EventCountry "SRB"]
[SourceTitle "playchess.com"]
[Source "ChessBase"]
[SourceQuality "1"]

{[%evp 11,69,58,82,27,20,16,31,23,30,29,27,4,47,45,39,55,44,30,19,10,22,-7,-5,-4,0,0,22,21,29,-10,42,60,47,46,167,207,329,350,363,349,353,365,380,302,341,152,389,404,334,376,760,761,741,730,841,822,877,867,1723,-1932]} 1. d4 d6 2. e4 Nf6 3. Bd3 c5 4. c3 e5 5. Ne2 Be7 6. O-O {B07: Pirc Defence: Miscellaneous Systems} O-O {LiveBook: 6 Games} 7. Nd2 (7. d5 $16) (7. dxe5 dxe5 8. Ng3 Qc7 9. Qe2 a6 10. a4 Nc6 11. Nd2 Be6 12. Bc4 Na5 13. b3 Nxc4 14. bxc4 {1-0 (30) Bayev,A (2379)-Sitnikov,D (2468) Kemerovo 2014}) 7... cxd4 8. cxd4 {The position is equal.} Nbd7 9. d5 a5 $146 ({Predecessor:} 9... Nc5 10. Bc2 Qb6 11. Ng3 Bg4 {1-0 (33) Rubertus,W-Stummer,K Doernigheim 1994}) 10. Nc3 Nc5 11. Be2 Bd7 12. a4 Ne8 13. Nc4 Bg5 14. Bxg5 Qxg5 15. Kh1 f5 16. Nb6 Rd8 17. Nxd7 Nxd7 18. exf5 Rxf5 19. Ne4 Qf4 20. Bd3 Ndf6 (20... Nef6 $11 21. Nxd6 Rh5) 21. Ng3 $36 {[%mdl 2048] White is pushing.} Rg5 22. Rc1 {Rc4 is the strong threat.} Ng4 (22... Rg4 $14) 23. Kg1 $18 Nh6 (23... e4 $142) 24. Rc4 Qf7 25. h4 Rg6 26. Bxg6 Qxg6 27. Ne4 Nf5 28. Ng5 (28. h5 $18 Qf7 29. Ng5) 28... Nd4 $2 (28... Nxh4 $16 29. Qd2 (29. Rxh4 Qxg5 30. Rg4 Qf5 $16) 29... Nxg2 30. Kxg2 h6) 29. f4 {[%cal Bf2f4,Bf4f5][%mdl 32]} Nf6 30. Ne6 Nxd5 $2 (30... Nxe6 31. f5 Qh6) 31. f5 {White is clearly winning.} Qg3 32. Rxd4 exd4 33. Nxd8 Ne3 {[#]} 34. Qf3 $1 Qxh4 35. Qd5+ $4 {[%mdl 40960] Precision: White = 55%, Black = 29%. . Loss on Time!?} (35. Qxb7 $18 Qf6 {[#]} 36. Ne6 $1 {[%mdl 512]}) 1-0

[Event "Orbis IM 2018"]
[Site "Paracin"]
[Date "2018.07.19"]
[Round "8"]
[White "Ozenir, Ekin Baris"]
[Black "Brankovic, Dejan"]
[Result "1/2-1/2"]
[WhiteElo "2300"]
[BlackElo "2377"]
[Annotator "TA"]
[PlyCount "52"]
[EventDate "2018.??.??"]
[EventCountry "SRB"]
[SourceTitle "playchess.com"]
[Source "ChessBase"]
[SourceQuality "1"]

{[%evp 20,52,0,-4,0,0,0,0,0,0,0,-6,-11,0,0,-14,19,0,0,0,0,0,-4,0,0,0,0,-12,14,0,13,0,0,0,0]} 1. d4 c5 2. d5 Nf6 3. Nc3 g6 4. e4 d6 5. Be2 Bg7 6. Nf3 O-O 7. h3 e6 8. O-O exd5 {A43: Schmid Benoni} 9. exd5 Na6 (9... Re8 10. Re1 Ne4 11. Nxe4 Rxe4 12. Ng5 Rd4 13. Bd3 c4 14. Qf3 Qf8 15. Bf1 c3 16. bxc3 Ra4 17. Bb5 Bd7 18. Bxa4 Bxa4 19. Ba3 Nd7 20. Qf4 Be5 21. Qxa4 {1-0 (21) Le Roux,J (2554)-Skoberne,J (2553) chess.com INT 2018}) 10. Bf4 Nc7 11. a4 {LiveBook: 10 Games. The position is equal.} Re8 12. Bh2 Bf5 13. Bc4 $146 ({Predecessor:} 13. Bd3 Ne4 14. Nxe4 Bxe4 15. Bxe4 Rxe4 16. c3 {1-0 (85) Jegorovas,A (2214)-Asauskas,H (2263) Marijampole 2000}) 13... Ne4 14. Nxe4 Bxe4 15. c3 Bxf3 16. Qxf3 Be5 17. Bg3 f5 18. Rae1 {[#] Black must now prevent Bxe5.} Qf6 19. Qd3 {And now f4 would win.} Bxg3 20. Qxg3 Rxe1 21. Rxe1 Re8 22. Rxe8+ Nxe8 23. Qe3 Nc7 24. g3 b6 25. Qe2 Kf8 26. Kg2 Kg7 {Precision: White = 59%, Black = 87%.} 1/2-1/2

[Event "Orbis IM 2018"]
[Site "Paracin"]
[Date "2018.07.19"]
[Round "8"]
[White "Sredojevic, Ivan"]
[Black "Scott, Luke"]
[Result "1-0"]
[WhiteElo "2298"]
[BlackElo "1887"]
[Annotator "TA"]
[PlyCount "75"]
[EventDate "2018.??.??"]
[EventCountry "SRB"]
[SourceTitle "playchess.com"]
[Source "ChessBase"]
[SourceQuality "1"]

{[%evp 24,75,0,9,14,19,19,9,35,0,10,0,0,8,32,21,26,21,31,17,12,0,129,131,124,113,146,158,179,183,300,285,242,149,139,139,142,144,175,107,124,126,262,242,386,386,412,395,399,397,400,399,677,639]} 1. e4 e6 2. d4 d5 3. Nc3 Nf6 4. e5 Nfd7 5. f4 c5 6. Nf3 Nc6 7. Be3 a6 8. Qd2 b5 9. dxc5 Bxc5 10. Bd3 {C11: Französische Verteidigung} (10. Ne2 O-O 11. Ned4 Qb6 12. c3 b4 13. Bd3 a5 14. O-O Ba6 15. Kh1 Bxd3 16. Qxd3 Qa6 17. Qc2 bxc3 18. bxc3 {½-½ (31) Dominguez Perez,L (2739)-So,W (2788) Saint Louis 2017}) 10... Qb6 11. Bf2 O-O 12. O-O h6 13. a3 {LiveBook: 8 Partien} Bxf2+ 14. Qxf2 {[#]} Qxf2+ $146 ({Vorgänger:} 14... Rb8 15. b4 f6 16. exf6 Nxf6 17. Qxb6 Rxb6 {0-1 (72) Gusain,H (2453)-Volkov,S (2617) Moscow 2017}) 15. Kxf2 b4 16. axb4 Nxb4 17. Ke3 Nc5 18. Nd4 a5 19. Bb5 Bd7 $1 20. Ra3 Bxb5 21. Ncxb5 Rfb8 22. Nc3 Nxc2+ (22... f6 $11) 23. Nxc2 $16 Rxb2 24. Rf2 Nb3 25. Nb5 Rc8 26. Ncd4 Nxd4 (26... Rxf2 {war nötig.} 27. Kxf2 Nxd4 28. Nxd4 Rc4) 27. Rxb2 $18 Nc2+ 28. Kd2 Nxa3 29. Nxa3 $16 {[%mdl 4096] Endspiel KTS-KT} g5 30. g3 {[%cal Bg2g3,Bg3f4,Bf4e5][%mdl 32]} Kg7 31. Kd3 ({Besser ist} 31. Rb7 $18) 31... gxf4 32. gxf4 f6 (32... Rc1 $16) 33. Rg2+ $18 Kf7 (33... Kh7 {war einen Versuch wert.} 34. exf6 Rf8) 34. Nb5 Rc6 35. Nd6+ Kf8 36. Rg6 fxe5 37. fxe5 a4 $2 {[#]} (37... Ke7 38. Rxh6 Rc1 39. Rh7+ Kd8 40. Nb7+ Ke8 41. Nxa5 Kf8) 38. Rxe6 {Precision: Weiß = 79%, Schwarz = 32%.} 1-0

[Event "Orbis IM 2018"]
[Site "Paracin"]
[Date "2018.07.19"]
[Round "8"]
[White "Bergsson, Stefan"]
[Black "Konaplev, Anton"]
[Result "1-0"]
[WhiteElo "2192"]
[BlackElo "2316"]
[Annotator "TA"]
[PlyCount "65"]
[EventDate "2018.??.??"]
[EventCountry "SRB"]
[SourceTitle "playchess.com"]
[Source "ChessBase"]
[SourceQuality "1"]

{[%evp 24,65,43,54,52,61,74,74,419,424,585,579,970,909,829,861,798,561,604,604,1334,1326,1175,828,1172,1159,1035,906,889,850,29990,29982,29993,29994,29994,29994,29995,29996,29996,29996,29997,29998,29998,29998]} 1. e4 e6 2. d4 d5 3. Nd2 c5 4. exd5 Qxd5 5. Ngf3 cxd4 6. Bc4 Qd6 7. O-O Nf6 8. Nb3 Nc6 9. Nbxd4 Nxd4 10. Nxd4 a6 11. Re1 Qc7 12. Qe2 Bd6 {C07: French Tarrasch: 3...c5, 4 Ngf3 and 4 exd5 Qxd5} (12... h6 13. g3 b5 14. Bd3 Bc5 15. Bf4 Qb6 16. Nb3 Bb7 17. Nxc5 Qxc5 18. Be5 Qc6 19. f3 Qxf3 20. Qxf3 Bxf3 {½-½ (44) Durarbayli,V (2620)-Baryshpolets,A (2597) New York 2018}) 13. Bg5 {[%cal Rc4e6] LiveBook: 64 Games} Be7 14. Rad1 {[%cal Rc4e6] And now Bxe6! would win.} O-O $146 {White is slightly better.} ({Predecessor:} 14... Qc5 15. Bxf6 Bxf6 16. Bxe6 O-O 17. Bxc8 Bxd4 18. Bxb7 Rab8 19. Bxa6 Rxb2 20. Bd3 Rxa2 {1-0 (72) Mar,K (2045)-Hiebler,L (2048) Austria 2018}) 15. Nf5 Bd8 $2 {[%mdl 8192] [#]} (15... b5 $16) 16. Rxd8 $1 $18 Qxd8 {[#]} 17. Nxg7 $1 {[%mdl 512]} Kxg7 18. Qe5 Rg8 19. Re3 Kf8 20. Rd3 ({Worse is} 20. Qxf6 Qxf6 21. Bxf6 Rg6 $11) 20... Qxd3 21. Bxd3 Nd7 22. Qd6+ Kg7 23. Qg3 f5 24. Qd6 Re8 {[#]} 25. g4 $1 {[%mdl 512]} h6 (25... fxg4 26. Qf4) 26. Bd2 fxg4 27. Qf4 {White mates.} Nf8 28. Qxh6+ Kf7 29. Qh5+ Ke7 30. Bb4+ Kd8 31. Qg5+ Kd7 32. Qc5 {[%csl Gb4][%cal Rc5d6]} Kd8 33. Ba5+ {Precision: White = 93%, Black = 18%.} 1-0